|
|
|
|
| LEADER |
00000nas a2200000 a 4500 |
| 001 |
ssj0013241 |
| 003 |
WaSeSS |
| 005 |
20200512172242.0 |
| 006 |
m d |
| 007 |
cr n |
| 008 |
880125c19889999wiufr p s 0 a0eng c |
| 010 |
|
|
|a sn 88000278
|
| 022 |
|
|
|l 0897-0696
|y 0897-0696
|
| 030 |
|
|
|a ISWRE7
|
| 035 |
|
|
|a (WaSeSS)ssj0013241
|
| 037 |
|
|
|b The Editors, Issues in Writing, Dept. of English, University of Wisconsin-Stevens Point, Stevens Point, WI 54481
|
| 040 |
|
|
|a NSD
|b eng
|c NSD
|d HUL
|d COO
|d FUG
|d NST
|d CAS
|d NST
|d DLC
|d SYS
|d OCLCQ
|d OCLCF
|d OCLCO
|d GILDS
|d WaSeSS
|
| 042 |
|
|
|a nsdp
|a pcc
|
| 050 |
|
4 |
|a PE1403
|b .I6
|
| 082 |
1 |
0 |
|a 808
|2 11
|
| 210 |
0 |
|
|a Issues writ.
|
| 222 |
|
0 |
|a Issues in writing
|
| 245 |
0 |
0 |
|a Issues in writing
|h [electronic resource].
|
| 260 |
|
|
|a [Stevens Point, WI :
|b Dept. of English, University of Wisconsin-Stevens Point,
|c ©1988]-
|
| 310 |
|
|
|a Semiannual
|
| 362 |
0 |
|
|a Vol. 1, no. 1 (fall 1988)-
|
| 500 |
|
|
|a Title from cover.
|
| 506 |
|
|
|a License restrictions may limit access.
|
| 650 |
|
0 |
|a English language
|x Rhetoric
|v Periodicals.
|
| 650 |
|
0 |
|a Written communication
|v Periodicals.
|
| 650 |
|
7 |
|a English language
|x Rhetoric.
|2 fast
|0 (OCoLC)fst00911581
|
| 650 |
|
7 |
|a Written communication.
|2 fast
|0 (OCoLC)fst01181697
|
| 655 |
|
0 |
|a Electronic journals.
|
| 710 |
2 |
|
|a University of Wisconsin--Stevens Point.
|b Department of English.
|
| 850 |
|
|
|a AAP
|a AzTeS
|a CStclU
|a CU-I
|a CU-S
|a CU-SB
|a CoFS
|a CoU
|a FU
|a ICarbS
|a InLP
|a MH
|a MnU
|a NIC
|a NSyU
|a NcU
|a NmU
|a OCU
|a OU
|
| 853 |
0 |
0 |
|8 1
|a v.
|b no.
|i (year)
|j (season)
|
| 856 |
4 |
0 |
|z Full text available from Research Library: 10/01/2003 to 01/31/2012
|u https://search.proquest.com/publication/44756
|
| 863 |
4 |
0 |
|8 1
|a <1>-
|i <1988/1989>-
|x provisional
|